Sínodo de Manila de 1582 / (Record no. 12782)

MARC details
000 -LEADER
campo de control de longitud fija 01168nam a2200277 i 4500
001 - NÚMERO DE CONTROL
campo de control 12782
003 - IDENTIFICADOR DE NÚMERO DE CONTROL
campo de control ES-MaACL
005 - FECHA Y HORA DE LA ÚLTIMA TRANSACCIÓN
campo de control 20230906150410.0
007 - CAMPO FIJO DE DESCRIPCIÓN FÍSICA--INFORMACIÓN GENERAL
campo de control de longitud fija t|
008 - DATOS DE LONGITUD FIJA--INFORMACIÓN GENERAL
campo de control de longitud fija 900914s1988 sp |||| | spa d
020 ## - NÚMERO INTERNACIONAL ESTÁNDAR DEL LIBRO
Número Internacional Estándar del Libro 84-00-06901-3
080 ## - NÚMERO DE LA CLASIFICACIÓN DECIMAL UNIVERSAL
Número de la Clasificación Decimal Universal 262.45(599.17)"15"
110 1# - ENTRADA PRINCIPAL--NOMBRE DE ENTIDAD CORPORATIVA
Nombre de entidad corporativa o nombre de jurisdicción como elemento de entrada Manila (Archidiócesis).
Unidad subordinada Sínodo (1582)
9 (RLIN) 5642
245 10 - MENCIÓN DEL TÍTULO
Título Sínodo de Manila de 1582 /
Mención de responsabilidad, etc. Domingo de Salazar ; estudio introductorio, glosa y transcripción de los textos sinodales por José Luis Porras Camúñez.
260 ## - PUBLICACIÓN, DISTRIBUCIÓN, ETC.
Lugar de publicación, distribución, etc. Madrid :
Nombre del editor, distribuidor, etc. Centro de Estudios Históricos del Consejo Superior de Investigaciones Científicas,
Fecha de publicación, distribución, etc. 1988.
300 ## - DESCRIPCIÓN FÍSICA
Extensión 408 p. ;
Dimensiones 25 cm.
490 1# - MENCIÓN DE SERIE
Mención de serie Colección Tierra nueva e cielo nuevo ;
Designación de volumen o secuencia 27.
Mención de serie Sínodos americanos
610 1# - PUNTO DE ACCESO ADICIONAL DE MATERIA--NOMBRE DE ENTIDAD CORPORATIVA
Nombre de entidad corporativa o nombre de jurisdicción como elemento de entrada Manila (Archidiócesis).
Unidad subordinada Sínodo (1582)
9 (RLIN) 5642
651 #4 - PUNTO DE ACCESO ADICIONAL DE MATERIA--NOMBRE GEOGRÁFICO
Nombre geográfico Filipinas-
Subdivisión general Historia eclesiástica.
9 (RLIN) 8661
700 1# - ENTRADA AGREGADA--NOMBRE PERSONAL
Nombre de persona Salazar, Domingo de.
9 (RLIN) 101805
700 1# - ENTRADA AGREGADA--NOMBRE PERSONAL
Nombre de persona Porras Camúñez, José Luis.
9 (RLIN) 93150
710 2# - ENTRADA AGREGADA--NOMBRE DE ENTIDAD CORPORATIVA
Nombre de entidad corporativa o nombre de jurisdicción como elemento de entrada Centro de Estudios Históricos (1985-1999)
9 (RLIN) 2639
830 0# - PUNTO DE ACCESO ADICIONAL DE SERIE-TÍTULO UNIFORME
Título uniforme Colección Tierra nueva e cielo nuevo ;
Designación de volumen o secuencia 27.
Título uniforme Sínodos americanos
9 (RLIN) 179373
852 ## - LOCALIZACIÓN
Ubicación ES-MaACL
Número de control de estantería L-19982
Holdings
Estatus retirado Estado de pérdida Estado de daño No para préstamo Biblioteca de origen Biblioteca actual Ubicación en estantería Fecha de adquisición Fuente de adquisición Total de préstamos Signatura topográfica completa Código de barras Visto por última vez Precio de reemplazo Tipo de ítem Koha
        Biblioteca del Ateneo de Madrid Biblioteca del Ateneo de Madrid Depósito 2 17/01/2008     L-19982 1013020 23/02/2023 23/02/2023 Libro impreso